000
00194nam a22000857a 4500
008
161128b xxu||||| |||| 00| 0 eng d
100
_9
1478
_a
Dass
245
_a
Hindi Stories
260
_a
New Delhi
_b
NBT
999
_c
4203
_d
4203